000 00308nam a2200133Ia 4500
008 221030s9999 xx 000 0 und d
041 _aEnglish
082 _a105.23
100 _aN. D. Vohra
245 0 _aQuantitative Technique in Management
_cby N. D. Vohra
260 _c0
650 _aMb
942 _cBK
999 _c10722
_d10722